000 00301 a2200121 4500
001 155764
040 _cEscola São Tomás de Aquino
240 1 0 _aMeu grande livro para aprender
_lpor
245 1 0 _aMeu grande livro para aprender
440 1 _aGirassol
697 _a*LITERATURA INFANTIL
942 _cBK
999 _c155764
_d155764